Statistics for Top 10 Quizzes With Most Plays On Jetpunk

Click here to take the quiz!

General Stats

  • This quiz has been taken 7 times
  • The average score is 2 of 10

Answer Stats

HintAnswer% Correct
1Countries Of The World Quiz
71%
5World Capitals Quiz
57%
2US States Quiz
43%
10Fast Typing A to Z
29%
6Europe Map Quiz
14%
4Fast Typing to 100
14%
9US Presidents Quiz
14%
7Fifty States in One Minute
0%
8NFL Football Teams Quiz
0%
3United States Map Quiz
0%

Score Distribution

Percentile by Number Answered

Percent of People with Each Score

Your Score History

You have not taken this quiz